00705nam a2200169 a 450000100100000000500170001000800410002704000250006824500190009326000920011230000190020449000360022383000430025995201050030295201110040799900170051800003902220201002031449.0130513s1997 dr a 000 0 spa d aDO-SdBNPbspacBNPHU00aJanet Quevedo. aRomana, República Dominicana :bFundación Centro Cultural Altos de Chavón,c1997. a8 p. ;c31 cm.1 aOrinca de bailongos caribeños00aOrinca de bailongos caribeños965267 0010718PDaPDbPDcHDd2013-05-13iLF1l0o p39022-10r2020-06-25w2020-06-25yLFPDZNo se presta 0010718PDaPDbPDcHDd2013-05-13iLF1l0o p39022-20r2020-06-25te. 2w2020-06-25yLFPDZNo se presta c38512d38512